Los parques

Bewaard in:
Bibliografische gegevens
Hoofdauteur: Hurtado, Gerardo César
Formaat: Boek
Taal:Undetermined
Gepubliceerd in: San José, Costa Rica Editorial Costa Rica 1975
Onderwerpen:
Tags: Voeg label toe
Geen labels, Wees de eerste die dit record labelt!

MARC

LEADER 00000nam a2200000Ia 4500
008 170316s9999 xx 000 0 und d
040 |a cru BVZT 
090 |a 868 H-4p 
100 |a Hurtado, Gerardo César 
245 |a Los parques 
260 |a San José, Costa Rica 
260 |b Editorial Costa Rica 
260 |c 1975 
300 |a 150 páginas 
650 |a LITERATURA COSTARRICENSE 
999 |c 11207  |d 11207 
942 |c 15 D  |h 868 H-4p  |2 z